[Event "C.to Italiano U16 femminile"]
[Site "Arvier ITA"]
[Date "2003.07.02"]
[Round "2"]
[White "Panella, Fiammetta"]
[Black "Borsato, Chiara"]
[Result "1-0"]
[WhiteElo "1840"]
[BlackElo "1600"]
[PlyCount "77"]
[EventDate "2003.07.01"]

1. e4 g6 2. d4 Bg7 3. Nc3 d6 4. Be3 Nf6 5. f3 Nc6 6. Qd2 Bd7 7. O-O-O O-O 8.
Nge2 a6 9. g4 b5 10. h4 e5 11. h5 Bxg4 12. fxg4 Nxg4 13. d5 Nd4 14. Bh3 Nxe3
15. Qxe3 gxh5 16. Bf5 Qf6 17. Rxh5 Rfd8 18. Bxh7+ Kf8 19. Ng3 Qf4 20. Nf5 Qxe3+
21. Nxe3 Rac8 22. Bf5 Rb8 23. Rf1 Ke7 24. Rh7 Bf6 25. Bg6 Rf8 26. Nf5+ Ke8 27.
Nxd6+ cxd6 28. Rxf6 fxg6 29. Rxf8+ Kxf8 30. Rh8+ Kg7 31. Rxb8 g5 32. Kd2 Kh6
33. Rd8 Kh5 34. Rxd6 g4 35. Ke3 a5 36. Re6 Kh4 37. Rxe5 g3 38. Kf4 Kh3 39. Rh5+
1-0

[Event "C.to Italiano U16 femminile"]
[Site "Arvier ITA"]
[Date "2003.07.02"]
[Round "3"]
[White "De Rosa, Mariagrazia"]
[Black "Panella, Fiammetta"]
[Result "1-0"]
[WhiteElo "1828"]
[BlackElo "1840"]
[PlyCount "59"]
[EventDate "2003.07.01"]

1. e4 c5 2. Nf3 e6 3. d4 cxd4 4. Nxd4 a6 5. Bd3 Nf6 6. O-O Qc7 7. Qe2 d6 8. c4
Nbd7 9. Kh1 b6 10. f4 Bb7 11. Nc3 Be7 12. Bd2 Nc5 13. Bc2 h5 14. Rae1 O-O-O 15.
b4 Ncd7 16. Nb3 h4 17. Rc1 Nh5 18. Kg1 g5 19. Bd3 Nxf4 20. Bxf4 gxf4 21. Nd5
exd5 22. cxd5 Nc5 23. bxc5 bxc5 24. Bxa6 h3 25. Rb1 Rdg8 26. Qb5 Rxg2+ 27. Kh1
Bxa6 28. Qxa6+ Kd8 29. Na5 Qc8 30. Nc6+ 1-0

[Event "C.to Italiano U16 femminile"]
[Site "Arvier ITA"]
[Date "2003.07.03"]
[Round "4"]
[White "Clappa, Ilaria"]
[Black "De Rosa, Mariagrazia"]
[Result "0-1"]
[WhiteElo "1648"]
[BlackElo "1828"]
[PlyCount "98"]
[EventDate "2003.07.01"]

1. e4 c5 2. c4 Nc6 3. Nc3 g6 4. g3 Bg7 5. Nge2 e6 6. Bg2 Nge7 7. d3 a6 8. a3
O-O 9. O-O Rb8 10. Rb1 d6 11. Be3 Nd4 12. b4 b6 13. f4 Bb7 14. b5 a5 15. Bf2
Nxe2+ 16. Nxe2 d5 17. Qc2 Qc7 18. Rbd1 Rbd8 19. h3 Rd7 20. g4 f5 21. e5 fxg4
22. hxg4 g5 23. Bg3 gxf4 24. Nxf4 Qxe5 25. Rde1 Qb2 26. Qxb2 Bxb2 27. Nxe6
Rxf1+ 28. Rxf1 Ng6 29. a4 dxc4 30. Bxb7 Rxb7 31. dxc4 Re7 32. Re1 Be5 33. Bxe5
Rxe6 34. Bg3 Rxe1+ 35. Bxe1 Ne5 36. Bg3 Nxc4 37. Bc7 Kf7 38. Kf2 Ke7 39. Ke2
Kd7 40. Bf4 Ke6 41. Kd3 Kd5 42. Bc7 Ne5+ 43. Kc3 Nd7 44. Kd3 c4+ 45. Kc3 Kc5
46. Bd8 Kd5 47. Bc7 Nc5 48. Kc2 Nxa4 49. Bd8 Kc5 0-1

[Event "C.to Italiano U16 femminile"]
[Site "Arvier ITA"]
[Date "2003.07.04"]
[Round "5"]
[White "De Rosa, Mariagrazia"]
[Black "Guerrini, Gioia"]
[Result "1-0"]
[WhiteElo "1828"]
[BlackElo "1491"]
[PlyCount "73"]
[EventDate "2003.07.01"]

1. e4 e5 2. Nf3 Nc6 3. Bb5 a6 4. Ba4 b5 5. Bb3 Nd4 6. Nxd4 exd4 7. O-O Bb7 8.
c3 Bc5 9. Bxf7+ Kxf7 10. Qh5+ g6 11. Qxc5 dxc3 12. Nxc3 d6 13. Qe3 Qe7 14. f4
b4 15. Nd5 Bxd5 16. exd5 Qxe3+ 17. dxe3 Nf6 18. Rd1 Rab8 19. b3 Rhe8 20. a4 Ne4
21. Kf1 Nc5 22. Rb1 a5 23. Rd4 Re7 24. Ke2 Rbe8 25. Kf3 Kf6 26. Rc4 Ne4 27.
Bb2+ Kf7 28. Rxe4 Rxe4 29. Be5 Rxe3+ 30. Kxe3 dxe5 31. fxe5 Rxe5+ 32. Kd4 Re7
33. Rb2 Rd7 34. Rc2 c5+ 35. Rxc5 Ra7 36. Rc6 Ke7 37. Kc5 1-0

[Event "C.to Italiano U16 femminile"]
[Site "Arvier ITA"]
[Date "2003.07.04"]
[Round "6"]
[White "Rigo, Caterina"]
[Black "De Rosa, Mariagrazia"]
[Result "0-1"]
[WhiteElo "1495"]
[BlackElo "1828"]
[PlyCount "66"]
[EventDate "2003.07.01"]

1. e4 c5 2. Nf3 d6 3. d4 cxd4 4. Nxd4 Nf6 5. Nc3 a6 6. Be3 e6 7. Be2 Nbd7 8. f4
b5 9. a3 Bb7 10. Bd3 Rc8 11. O-O Be7 12. Qe1 Ng4 13. Qg3 Nxe3 14. Qxe3 O-O 15.
Rf3 g6 16. Rh3 e5 17. fxe5 Bg5 18. Qg3 Nxe5 19. Nf3 Bf6 20. Rh6 Bg7 21. Rh4
Nxf3+ 22. gxf3 Rc5 23. Kh1 Rg5 24. Rg4 Rh5 25. Qf2 Be5 26. Rg2 Qf6 27. Qe2 Rh3
28. Kg1 Rxf3 29. Rf1 Rxf1+ 30. Qxf1 Bd4+ 31. Kh1 Qxf1+ 32. Bxf1 Bxc3 33. bxc3
Bxe4 0-1

[Event "C.to Italiano U16 femminile"]
[Site "Arvier ITA"]
[Date "2003.07.05"]
[Round "7"]
[White "De Rosa, Mariagrazia"]
[Black "Bianchini, Aurora"]
[Result "1/2-1/2"]
[WhiteElo "1828"]
[BlackElo "1654"]
[PlyCount "57"]
[EventDate "2003.07.01"]

1. e4 e5 2. Nf3 Nc6 3. Bb5 a6 4. Ba4 Nf6 5. O-O Be7 6. Re1 b5 7. Bb3 O-O 8. h3
d6 9. c3 Na5 10. Bc2 c5 11. d4 Qc7 12. Nbd2 cxd4 13. cxd4 Bb7 14. Nf1 Rac8 15.
Bb1 Rfe8 16. Ng3 Bf8 17. Bg5 Nd7 18. Nf5 h6 19. Bc1 Nf6 20. d5 Rb8 21. Nh2 Bc8
22. Ng3 Bd7 23. Bd3 Ra8 24. b3 Rec8 25. Bb2 Qb6 26. Nh5 Nxh5 27. Qxh5 g6 28.
Qe2 Bg7 29. Kh1 1/2-1/2